000 01522nam a22002897a 4500
001 113806
003 DR-UNIBE
005 20250826163907.0
008 250630b2016 dr ||||| |||| 00| 0 spa d
040 _aBIBLIOTECA UNIBE
_cBIBLIOTECA UNIBE
041 _aspa
082 _222
_aRD 371.202 S161m
100 1 0 _aSalcedo, Adriana
_9196776
_eautor
100 1 0 _aJennings, Yves-Renée
_9196777
_eautor
245 1 3 _aLa mediación como herramienta de resolución de conflictos en el sistema educativo dominicano:
_bmanual de entrenamiento para facilitadores /
_cAdriana Salcedo, Yves-Renée Jennings
250 _aPrimera edición
260 _aSanto Domingo:
_bMinisterio de Educación. Dirección de Orientación y Psicologia,
_c2016
300 _a115 páginas :
_bgráficas, tablas ;
_c27 x 21 cm
500 _aPublicación elaborada con el apoyo técnico y financiero de UNICEF
505 _aIntroducción | Módulo I: principios teóricos y metodológicos de la resolución de conflictos | Módulo II: desarrollando competencias para un buen mediador | Módulo III: estableciendo un sistema de mediación en el ámbito escolar | Lista de anexos | Lista de referencias
650 7 _2lemb
_aMediación
_95824
650 7 _2lemb
_aSolución de conflictos escolares
_9198768
650 7 _2lemb
_aConvivencia
_987814
700 0 _aPérez Jiménez, Minerva R.
_915376
_ecoordinador general
710 1 0 _aMinisterio de Educación. Dirección de Orientación y Psicologia
_9196782
_erevisión y aportes
942 _2ddc
_cBK
999 _c113806
_d113806